Loading...
| Mythology | 0 | 4 | 1 | 2 | 35 | 123 | 128.00 | 0 | 3 |
| History - European History | 0 | 2 | 1 | 2 | 15 | 126 | 140.00 | 1 | 1 |
| Fine Arts - Other Fine Arts | 0 | 2 | 1 | 0 | 15 | 71 | 109.50 | 0 | 1 |
| Literature - American Literature | 0 | 1 | 0 | 0 | 10 | 74 | 74.00 | 1 | 1 |
| Literature - World Literature | 0 | 1 | 0 | 1 | 10 | 147 | 147.00 | 0 | 0 |
| Fine Arts - Painting & Sculpture | 0 | 1 | 0 | 0 | 10 | 74 | 74.00 | 0 | 1 |
| Literature - European Literature | 0 | 1 | 1 | 0 | 5 | 91 | 91.00 | 1 | 1 |
| Philosophy | 0 | 0 | 0 | 0 | 0 | 0.00 | 0 | 0 | |
| Religion | 0 | 0 | 0 | 0 | 0 | 0.00 | 0 | 0 | |
| History - Other History | 0 | 0 | 1 | 0 | -5 | 0.00 | 0 | 0 | |
| Social Science | 0 | 0 | 1 | 0 | -5 | 0.00 | 0 | 0 | |
| History - World History | 0 | 0 | 1 | 0 | -5 | 0.00 | 0 | 0 | |
| Literature - British Literature | 0 | 0 | 2 | 0 | -10 | 0.00 | 0 | 0 | |
| Fine Arts - Classical Music | 0 | 0 | 2 | 0 | -10 | 0.00 | 0 | 0 |